| 000 | 00250nam a22000857a 4500 | ||
|---|---|---|---|
| 999 |
_c17377 _d17377 |
||
| 003 | ASAB | ||
| 005 | 20170421114200.0 | ||
| 008 | 150917t xxu||||| |||| 00| 0 eng d | ||
| 020 | _6978-81-7035-641-7 | ||
| 040 | _cASAB | ||
| 082 | _a630 | ||
| 100 |
_aAshok K. Singh _91189 |
||
| 245 |
_aExtension Strategies For Agriculture And Rural development _cby Ashok K. Singh |
||
| 260 |
_aNew Delhi _bDaya Publishing House _cc2010 |
||
| 300 | _a437 P. | ||
| 942 |
_2ddc _cBK |
||